00735 a2200193 4500020001500000020001800015082001100033090001500044100002200059245008100081260003100162300002100193490008500214700002200299830008500321942002500406999001700431952009300448 a0387345000 a9780387345000 a523.87 c1248d12481 aKogure, Tomokazu.14aThe astrophysics of emission-line stars /cTomokazu Kogure, Kam-Ching Leung. a[S.l.] :bSpringer,c2007. a530 p. ;c24 cm.1 aAstrophysics and space science library) (astrophysics and space science library.1 aLeung, Kam-Ching. 0aAstrophysics and space science library) (astrophysics and space science library. aSNScBKk523.87 KOG c29861d29861 00104070aSNSbSNSd2016-05-26l0o523.87 KOGpSNS0001426r2016-05-26w2016-05-26yBK